Nimeä tunnettu henkilö - Statistics

Yleistilastot
  • Tätä visaa on pelattu 96 kertaa
  • Keskiarvotulos 12 / 20
Vastaustilastot
Kuvavisa Vastaus % Oikein
Jeesus
100%
Adolf Hitler
99%
Elvis Presley
87%
Napoleon Bonaparte
82%
Leonardo DiCaprio
80%
Freddie Mercury
76%
Lionel Messi
76%
John Lennon
67%
Muhammad Ali
61%
Kanye west
60%
Usain Bolt
60%
Julius Caesar
55%
Michael Jordan
49%
Mao Zedong
48%
Tom Hanks
46%
Morgan Freeman
43%
Harrison Ford
41%
Kurt Cobain
40%
Lebron James
38%
Jack Nicholson
37%
Ehtoja vastaavia visoja ei löytynyt
Tulosjakauma
Jokaisen tuloksen saaneiden osuus
Persentiili vastausten määrän mukaan
Tuloshistoriasi
Et ole pelannut tätä visaa